| 000 | 00483nam a2200205 a 4500 | ||
|---|---|---|---|
| 001 | BRCA_6402 | ||
| 005 | 20190320205435.0 | ||
| 008 | 070911s190u----gw-#######---#000-0#ger-# | ||
| 041 | _ager | ||
| 044 | _agw | ||
| 050 | 4 |
_aPZ3 _b.R53 1906 |
|
| 100 | 1 |
_aRideamus _916013 |
|
| 245 | 1 | 0 |
_aBurlesken _bDrei Einakter _cvon Rideamus. |
| 260 |
_aAlemania _bHarmonie _c[190-?] |
||
| 300 |
_a71 p. _c20 cm. |
||
| 500 | _aCDE14 | ||
| 650 | 1 | 4 |
_aDrama _916014 |
| 902 | _aGFM | ||
| 942 |
_2lcc _cB |
||
| 999 |
_c6087 _d6087 |
||